000 00689nam a22002177a 4500
999 _c1634
_d1634
003 AR-CdUCM
008 190227b ||||| |||| 00| 0 spa d
040 _aMUNICIPALIDAD PROVINCIAL DEL CUSCO
_cBIBLIOTECA MUNICIPAL DEL CUSCO
082 _a869.56 /
_bB25
100 _aBarreto, Federico
_96096
245 _aFederico Barreto :
_bantología poética /
260 _aTacna-Perú :
_bParodi editores,
_c1984.
300 _a45 páginas ;
_c17 cm.
440 _aColección autores tacneños.
_96097
650 _aLiteratura peruana
_9169
650 _aPoesía
_9139
650 _aPoesía siglo XX
_91708
700 _aGómez, Livio (selección)
_96098
942 _2ddc
_cLIBROS
945 _azta